Discographie Bushi - Statistiques

Statistiques générales
  • Ce quiz a été pris 190 fois
  • Le résultat moyen est 22 sur 62
Statistiques - réponses
Album Titre % Correct
Bushi Obito
88%
Bushi Tape 2 6 O'Clock
65%
Bushi Tape 2 Parachute
65%
Single Mistral
54%
Bushi Tape 2 Link Up
51%
Interlude Mathématiques
50%
Bushi 1.5 Obito pt.2
49%
Bushi Millenium
48%
Interlude King Kong
47%
Bushi Tape 2 Peter Parker
45%
Bushi 1.5 Téléphone
45%
Bushi Beach House
44%
Bushi Tape 2 Goten
43%
Interlude Majeur
43%
Bushi Tape 2 Marathon
43%
Bushi Tape 2 Big Ben
41%
Interlude X
41%
Bushi Dragon
39%
Bushi Tape 2 Life
39%
Bushi Tape 2 Margiela
37%
Single Pocket
37%
Interlude Près du coeur
37%
Bushi Yasuke
37%
Single Qatari
36%
Bushi Tesla
36%
Bushi Tutto Bene
36%
Bushi 1.5 Saturn City
35%
Bushi Tape 2 Dillawave
34%
Bushi Jumpman
34%
Bushi Tape 2 Louis
34%
Bushi 1.5 Brassens
33%
Bushi Fast & Furious
33%
Bushi Drippy
32%
Bushi 1.5 No love
32%
Bushi Benson
31%
Interlude Lyon Dakar
31%
Bushi Tape 2 Ma préférée
31%
Bushi 1.5 Nitro
30%
Interlude 9am
29%
Interlude Boy
29%
Single JTM
29%
Bushi 1.5 L'Averse
29%
Bushi Mon Hoodie
29%
Bushi Tape 2 Phen
29%
Interlude Pistolet
29%
Bushi 1.5 Sierra Leone
29%
Bushi 1.5 Melbourne
28%
Interlude Kingdom Hearts
27%
Interlude Jamais
26%
Single Booska Mysterio
25%
Interlude Allo Allo
24%
Single BlueSky
23%
Bushi 1.5 Mes Streams
23%
Single BB
22%
Interlude Champagne
22%
Interlude Christina Milan
22%
Interlude Chrom
22%
Interlude FF
22%
Interlude Vrais amis
22%
Interlude Solide
20%
Single Slizzy Like Remix
16%
Single AUDEMARS
12%
Aucun quiz correspondant
Distribution des résultats
% des personnes avec chaque résultat
Percentile par nombre de réponses
Votre historique - résultats
Vous n’avez pas pris ce quiz